Online
Catalog

Fresa y chocolate : (Record no. 6232)

MARC details
000 -CABECERA
campo de control de longitud fija 00852nam a2200241 a 4500
001 - NÚMERO DE CONTROL
campo de control 000006437
005 - FECHA Y HORA DE LA ÚLTIMA TRANSACCIÓN
campo de control 20200929153930.0
008 - DATOS DE LONGITUD FIJA--INFORMACIÓN GENERAL
campo de control de longitud fija 980416s1999 ec 000 1 spa
020 ## - NÚMERO INTERNACIONAL ESTÁNDAR DEL LIBRO
Número Internacional Estándar del Libro 9978621415
040 ## - FUENTE DE LA CATALOGACIÓN
Centro catalogador/agencia de origen DO-SdBNP
Lengua de catalogación spa
Centro/agencia transcriptor BNPHU
082 ## - NÚMERO DE LA CLASIFICACIÓN DECIMAL DEWEY
Número de clasificación Cu863.44
Número de documento/Ítem P348f
049 ## - FONDOS LOCALES (OCLC)
Fondos de biblioteca BNPH
100 1# - ENTRADA PRINCIPAL--NOMBRE DE PERSONA
Nombre de persona Paz, Senel,
Fechas asociadas al nombre 1950-
9 (RLIN) 17864
245 10 - MENCIÓN DE TÍTULO
Título Fresa y chocolate :
Resto del título el lobo, el bosque y el hombre nuevo /
Mención de responsabilidad, etc. Senel Paz. Solo cenizas hallarás / Raúl Pérez Torres.
260 ## - PUBLICACIÓN, DISTRIBUCIÓN, ETC.
Lugar de publicación, distribución, etc. [Quito] :
Nombre del editor, distribuidor, etc. Casa de la Cultura Ecuatoriana "Benjamín Carrión",
Fecha de publicación, distribución, etc. 1999.
300 ## - DESCRIPCIÓN FÍSICA
Extensión 47, 21 p. ;
Dimensiones 21 cm.
500 ## - NOTA GENERAL
Nota general Título con paginación separada y encuadernación invertida
586 ## - NOTA DE PREMIOS
Nota de premios Premio Juan Rulfo, 1990.
586 ## - NOTA DE PREMIOS
Nota de premios Premio Juan Rulfo, 1994.
650 #4 - PUNTO DE ACCESO ADICIONAL DE MATERIA--TÉRMINO DE MATERIA
Término de materia o nombre geográfico como elemento de entrada Novela cubana
9 (RLIN) 2316
650 #4 - PUNTO DE ACCESO ADICIONAL DE MATERIA--TÉRMINO DE MATERIA
Término de materia o nombre geográfico como elemento de entrada Literatura cubana
9 (RLIN) 1483
700 1# - PUNTO DE ACCESO ADICIONAL--NOMBRE DE PERSONA
Nombre de persona Pérez Torres, Raúl
9 (RLIN) 17865
Holdings
Estado de retiro Estado de pérdida Restricciones de uso No para préstamo Código de colección Localización permanente Ubicación/localización actual Ubicación en estantería Fecha de adquisición Número de inventario Total de préstamos Signatura topográfica completa Código de barras Fecha visto por última vez Precio válido a partir de Tipo de ítem Koha Número de copia
      Excluido de préstamo Monografías: Libros y Folletos General General Depósito 28.08.2009 LF1   Cu863.44 P348f 6437-10 25.06.2020 25.06.2020 No se presta  
      Excluido de préstamo Monografías: Libros y Folletos General General Depósito 02.09.2009 LF1   Cu863.44 P348f 6437-20 25.06.2020 25.06.2020 No se presta e. 2

Powered by Koha